=LDR 00000nam 2200000 4500 =001 INLIS000000000006923 =005 20130612095013 =008 ***********************************Ind** =035 ##$$0010-061300000006923 =041 ##$$a Ind =082 ##$$a 819.2 =090 ##$$a 819.2, Kar s =100 ##$$a Karlina, Ninin =245 ##$$a Serat siksa kanda karesian, Dra. Ninien Karlina =260 ##$$a 1993 $b Jakarta =300 ##$$a vii, 78 hlm., 18 cm =650 ##$$a Kesusastraan Sunda